Adhunik hindi kavita main rashtriya bhawana (HIN) (Record no. 100202)

MARC details
000 -LEADER
fixed length control field 00398nam a2200145Ia 4500
005 - DATE AND TIME OF LATEST TRANSACTION
control field 20240821155144.0
008 - FIXED-LENGTH DATA ELEMENTS--GENERAL INFORMATION
fixed length control field 240821s9999||||xx |||||||||||||| ||und||
082 ## - DEWEY DECIMAL CLASSIFICATION NUMBER
Classification number 891.43109 KAL
100 ## - MAIN ENTRY--PERSONAL NAME
Personal name Kalwade, Sudhakar Shankar
245 #0 - TITLE STATEMENT
Title Adhunik hindi kavita main rashtriya bhawana (HIN)
260 ## - PUBLICATION, DISTRIBUTION, ETC.
Place of publication, distribution, etc. Kanpur
Name of publisher, distributor, etc. Pustak sansthan
Date of publication, distribution, etc. 1973
300 ## - PHYSICAL DESCRIPTION
Extent 292 p.
650 ## - SUBJECT ADDED ENTRY--TOPICAL TERM
Topical term or geographic name entry element Hindi literature
942 ## - ADDED ENTRY ELEMENTS (KOHA)
Koha item type Book
Holdings
Withdrawn status Lost status Damaged status Not for loan Home library Current library Date acquired Total checkouts Barcode Date last seen Price effective from Koha item type
        Library and Documentation Division NCERT Library and Documentation Division NCERT 08/21/2024   85776 01/30/2025 08/21/2024 Book